COCIN : (Record no. 31)
[ view plain ]
| 000 -LEADER | |
|---|---|
| fixed length control field | 00605nam a22002177a 4500 |
| 003 - CONTROL NUMBER IDENTIFIER | |
| control field | OSt |
| 005 - DATE AND TIME OF LATEST TRANSACTION | |
| control field | 20250204141630.0 |
| 008 - FIXED-LENGTH DATA ELEMENTS--GENERAL INFORMATION | |
| fixed length control field | 250204b |||||||| |||| 00| 0 eng d |
| 020 ## - INTERNATIONAL STANDARD BOOK NUMBER | |
| International Standard Book Number | 09097411759 |
| 022 ## - INTERNATIONAL STANDARD SERIAL NUMBER | |
| Source | 27343073 |
| 040 ## - CATALOGING SOURCE | |
| Transcribing agency | kku |
| 100 ## - MAIN ENTRY--PERSONAL NAME | |
| Dates associated with a name | 202502020259 |
| 110 ## - MAIN ENTRY--CORPORATE NAME | |
| Corporate name or jurisdiction name as entry element | Cocin Literature Committee |
| 245 ## - TITLE STATEMENT | |
| Title | COCIN : |
| Remainder of title | Bible study leader's Guide on the book of Romans |
| Statement of responsibility, etc. | /Cocin literaure committee |
| 260 ## - PUBLICATION, DISTRIBUTION, ETC. | |
| Place of publication, distribution, etc. | Jos: |
| Name of publisher, distributor, etc. | Cocin publications, |
| Date of publication, distribution, etc. | 2025. |
| 300 ## - PHYSICAL DESCRIPTION | |
| Extent | x,53p. |
| Dimensions | 20cm. |
| 490 ## - SERIES STATEMENT | |
| Materials specified | Book |
| 610 ## - SUBJECT ADDED ENTRY--CORPORATE NAME | |
| Source of heading or term | cocin literature committee |
| 710 ## - ADDED ENTRY--CORPORATE NAME | |
| Corporate name or jurisdiction name as entry element | Cocin Bible study manual |
| 942 ## - ADDED ENTRY ELEMENTS (KOHA) | |
| Source of classification or shelving scheme | Library of Congress Classification |
| Koha item type | Books |
| Suppress in OPAC | No |
| Withdrawn status | Lost status | Source of classification or shelving scheme | Damaged status | Not for loan | Home library | Current library | Date acquired | Total checkouts | Date last seen | Price effective from | Koha item type |
|---|---|---|---|---|---|---|---|---|---|---|---|
| Library of Congress Classification | Karl Kumm University Librrary Services | Karl Kumm University Librrary Services | 10/15/2025 | 10/15/2025 | 10/15/2025 | Books |
